000 00339nam a2200133Ia 4500
008 240624s9999 xx 000 0 und d
041 _aeng
082 _a200 RAM
100 _aRAMSUKHDAS SWAMI
245 _aSRIMAD BHAGAVADGITA VOLUME II
260 _c2010
_aGorakhpur
_bGita Press
300 _aviii, : 2114 : p. : cm. ; 20
365 _cRS
999 _c21409
_d21409